The composition of the sayings source : genre, synchrony, and wisdom redaction in Q /
This volume analyzes the \'Q materials\' in the light of compositional conventions of ancient instructional genres. The author begins by assessing literary-critical approaches to Q which began with Harnack and have culminated in the work of Kloppenborg, Sato, and others. Next he articulate...
المؤلف الرئيسي:
التنسيق: كتاب الكتروني
اللغة: English
منشور في:
Leiden ; Boston :
Brill,
1998.
سلاسل:
Novum Testamentum, Supplements
91.
Novum Testamentum Supplements Online, ISBN: 9789004264557.
الموضوعات:
الوصول للمادة أونلاين: Login to view Source
الوسوم: إضافة وسم
رقم الطلب: BS2555.2 .K54 1998
| LEADER | 02984cam a2200445Ii 4500 | ||
|---|---|---|---|
| 001 | BRILL9789004267374 | ||
| 003 | nllekb | ||
| 005 | 20210602095501.0 | ||
| 006 | m d | ||
| 007 | cr un uuuua | ||
| 008 | 971209s1998 ne sb 001 0 eng d | ||
| 020 | |a 9789004267374 |q (electronic book) | ||
| 020 | |z 9789004110854 |q (print) | ||
| 024 | 7 | |a 10.1163/9789004267374 |2 DOI | |
| 040 | |a NL-LeKB |c NL-LeKB |e rda | ||
| 050 | 4 | |a BS2555.2 |b .K54 1998 | |
| 072 | 7 | |a HRCG |2 bicssc | |
| 072 | 7 | |a REL006400 |2 bisacsh | |
| 082 | 0 | 4 | |a 226/.066 |2 21 |
| 100 | 1 | |a Kirk, Alan |q (Alan K.) | |
| 245 | 1 | 4 | |a The composition of the sayings source : |b genre, synchrony, and wisdom redaction in Q / |c by Alan Kirk. |
| 264 | 1 | |a Leiden ; |a Boston : |b Brill, |c 1998. | |
| 300 | |a 1 online resource (xiii, 443) | ||
| 336 | |a text |b txt |2 rdacontent | ||
| 337 | |a computer |b c |2 rdamedia | ||
| 338 | |a online resource |2 rdacarrier | ||
| 490 | 1 | |a Supplements to Novum Testamentum, |x 0167-9732 ; |v v. 91 | |
| 504 | |a Includes bibliographical references (p. [405]-433) and index. | ||
| 505 | 0 | 0 | |a Preliminary Material -- Chapter One: Compositional Analysis of Q: History and Theory -- Chapter Two: Instructional Speech Compositions in Ancient Wisdom Literature -- Chapter Three: Instructional Speech Genre in Q -- Chapter Four: Macro Composition in Wisdom Literature and in Q -- Bibliography -- Index of Modern Authors. |
| 506 | |a Available to subscribing member institutions only. | ||
| 520 | |a This volume analyzes the \'Q materials\' in the light of compositional conventions of ancient instructional genres. The author begins by assessing literary-critical approaches to Q which began with Harnack and have culminated in the work of Kloppenborg, Sato, and others. Next he articulates a theory of genre analysis drawn from text-linguistics, literary criticism, and rhetorical criticism. An array of ancient paraenetic texts is used to generate genre-critical models, in turn applied comprehensively to the double tradition materials. The results are used to critically assess recent redaction-history theories of Q's formation and to locate Q more securely among ancient paraenetic genres. The book will be of interest to synoptic gospels scholarship, historians of Christian origins, literary critics, and those investigating the production, social function, and performance of texts in early Christianity. | ||
| 650 | 0 | |a Q hypothesis (Synoptics criticism) | |
| 650 | 7 | |a Q hypothesis (Synoptics criticism) |2 fast | |
| 776 | 0 | 8 | |i Print version: |t The Composition of the Sayings Source: Genre, Synchrony, and Wisdom Redaction in Q |d Leiden, Boston : BRILL, 1998, |z 9789004110854 |
| 830 | 0 | |a Novum Testamentum, Supplements |v 91. | |
| 830 | 0 | |a Novum Testamentum Supplements Online, ISBN: 9789004264557. | |
| 856 | 4 | |z DOI: |u http://dx.doi.org/10.1163/9789004267374 | |
| 942 | |c EBOOK | ||
| 952 | |0 0 |1 0 |4 0 |7 1 |9 13408 |a BRILL |b BRILL |d 2021-06-02 |l 0 |r 2021-06-02 00:00:00 |w 2021-06-02 |y EBOOK | ||
| 999 | |c 34861 |d 34861 | ||
